| 000 | 00565nam a2200217Ia 4500 | ||
|---|---|---|---|
| 008 | 170918s9999 xx 000 0 und d | ||
| 020 | _a43931707x | ||
| 050 | _bH249 2002 | ||
| 100 | _aHansen, Rosanna | ||
| 245 | _aBones! : | ||
| 245 | _ball kinds of hands, all kinds of feet / | ||
| 245 | _cRosanna Hansen ; illustrated by Joel Snyder. | ||
| 260 | _aNew York : | ||
| 260 | _bScholastic, | ||
| 260 | _c2002 | ||
| 300 | _aunpaged : | ||
| 300 | _bcolored illustration ; | ||
| 300 | _c23cm. | ||
| 440 | _aHello reader science level 3. | ||
| 500 | _a530 | ||
| 999 |
_c341706 _d341706 |
||